| 000 | 01093nam a2200325 a 4500 | ||
|---|---|---|---|
| 001 | |||
| 003 | DO-SdBPM | ||
| 005 | 20260511111012.0 | ||
| 007 | ta | ||
| 008 | 100812s2007 ag 000 0 spa d | ||
| 020 | _a9789876120203 | ||
| 040 |
_aDO-SdBPM _bspa _cBPMSU _erda |
||
| 082 | 0 | 4 |
_aA863.44 _bG249r 2007 _222 |
| 100 | 1 |
_aGasparini, María Víctroia _d1949- _eautora _4aut. |
|
| 245 | 1 | 0 |
_a Valentina : _bredes de amor / _cMaría Víctoria Gaparini ; ilustración Laura Fernández Saad, Mariano Prato, |
| 250 | _a | ||
| 264 |
_aBuenos Aires, Argentina : _b V&R Editoras, _c2007 |
||
| 300 |
_a59 páginas : _bIlustraciones ; _c22 cm. |
||
| 336 |
_atexto _btxt _2rdacontent |
||
| 337 |
_asin mediación _bn _2rdamedia |
||
| 338 |
_avolumen _bnc _2rdacarrier |
||
| 490 | 0 | _a Valentina | |
| 590 | _aInventariado,2026/VM | ||
| 650 | 7 | _aCuentos juveniles argentinos | |
| 650 | 7 | _aLiteratura juvenil argentina | |
| 700 | 1 |
_aFernández Saad, Laura _e ilustración |
|
| 700 | 1 |
_aPrato, Mariano _eilustración |
|
| 910 | _aVMateo V. Control de calidad. BPMSU | ||
| 942 |
_2ddc _cBK |
||
| 999 |
_c15838 _d15838 |
||